| 000 | 00496nam a2200205 4500 | ||
|---|---|---|---|
| 005 | 20150514091242.0 | ||
| 007 | 000 | ||
| 008 | 000 | ||
| 020 | _a0412408201 | ||
| 040 | _aUOEL | ||
| 050 |
_aSB351.P3 _bG76 1994 |
||
| 245 |
_aThe Groundnut Crop / _cedited by J.Smart |
||
| 260 |
_aLondon.: _bChapman & Hall, _cc1994. |
||
| 300 |
_axviii,734p.: _bIll. |
||
| 440 | _aWorld Crop Series | ||
| 500 | _aincludes references and index | ||
| 650 | _aGroundnuts | ||
| 700 | _aSmart, J. | ||
| 942 |
_2lcc _cLL |
||
| 999 |
_c7492 _d7492 |
||